| 000 | 00556nam a2200205Ia 4500 | ||
|---|---|---|---|
| 003 | BUBTL | ||
| 008 | 151213s9999 xx 000 0 und d | ||
| 082 | _a658.049/BEI | ||
| 100 |
_a Beeth, Gunnar _92622 |
||
| 245 |
_aInternational Management Practice _cGunnar Beeth |
||
| 260 |
_aU S A _bAmacon _c1973 |
||
| 300 |
_a[viii],241p.: _b22cm. _cManagement. |
||
| 500 | _aIncludes Index. | ||
| 650 |
_aManagement _92623 |
||
| 650 |
_aManagement _92623 |
||
| 700 |
_aGunnar Beeth _92624 |
||
| 856 |
_k0 _l0 _yDownload |
||
| 942 |
_2ddc _cBK |
||
| 999 |
_c1742 _d1742 |
||